000 00875nam a2200277 a 4500
001 57589
003 BD-RJUL
005 20211209080531.0
008 161210s2002 cau b 001 0 eng
020 _a0761920900
035 _aBD-RJUL 57713
035 _a(OCoLC)46385905
040 _aDLC
_cDLC
_dDLC
_beng
041 _aeng
082 0 0 _223
_a302.2
_bHAN 2002
245 0 0 _aHandbook of international and intercultural communication /
_ceditors, William B. Gudykunst and Bella Mody.
250 _a2nd ed.
260 _aThousand Oaks, Calif. ;
_aLondon :
_bSage Publications,
_cc2002.
300 _ax, 606 p. ;
_c26 cm.
504 _aIncludes bibliographical references and index.
650 0 _aIntercultural communication.
_9170256
700 1 _aGudykunst, William B.
_9170379
700 1 _aMody, Bella.
_9170998
942 _2ddc
_cBK
999 _c57589
_d57589